Construir y habitar. Etica para la ciudad

Saved in:
Bibliografiske detaljer
Hovedforfatter: Sennett, Richard (Author)
Andre forfattere: Galmarini, Marco Aurelio (traductor)
Format: Bog
Sprog:spansk
Udgivet: Barcelona, España Anagrama 2019
Fag:
Tags: Tilføj Tag
Ingen Tags, Vær først til at tagge denne postø!

MARC

LEADER 00000cam a2200000 a 4500
001 UCC8421
003 CL-VaPUC
005 20211030074308.0
008 190628e20190000sp |||||||||||||||||spa|d
999 |c 374753  |d 374751 
020 |a 9788433964335 
040 |c Pontificia Universidad Católica de Valparaíso 
082 0 4 |a 711 SEN 2019  |2 21 
100 0 |a Sennett, Richard  |e author  |9 603106 
245 1 0 |a Construir y habitar.  |b  Etica para la ciudad 
260 |a Barcelona, España   |b Anagrama  |c 2019 
300 |a 430 páginas  
583 |a last modification  |c 20190628 11:06:00  |k Rodrigo Vera 
650 0 |a Urbanismo  |9 255208 
650 7 |a TERRITORIALIDAD  |2 CL-VaPUC  |9 382029 
650 0 |a Planificación urbana   |9 258176 
650 0 |a Filosofía de la arquitectura  |9 267382 
700 |a Galmarini, Marco Aurelio  |e traductor   |9 857065 
852 |a BIBING 
942 |c BK  |2 ddc 
945 |d 20190628 11:06:00  |a dcastane 
952 |0 0  |1 0  |2 ddc  |3 erb  |4 0  |6 711_000000000000000_SEN_2019  |7 0  |8 A  |9 493464  |a BIBING  |b BIBING  |d 2019-06-26  |e 47  |g 21161.00  |i 5554470  |o 711 SEN 2019  |p 5554470  |r 2025-01-20  |v 21161.00  |w 2019-11-24  |y BK  |z Catalogado en:20190628  |k GEO